Management science : Building and using models /

Na minha lista:
Detalhes bibliográficos
Autor principal: Knowles, Thomas W (Author)
Formato: Livro
Idioma:inglês
Publicado em: Homewood : IRWIN, 1989
Assuntos:
Tags: Adicionar Tag
Sem tags, seja o primeiro a adicionar uma tag!

MARC

LEADER 00000nam a22000003a 4500
001 stu2985
005 20150617225617.1
008 930127s1989----xxu-----------------eng-d
020 |a 0-256-05682-X 
040 |a STU  |b slo 
041 0 |a eng 
044 |a xxu 
080 |a 65.012.4 
080 |a 519.8  |7 A000000398 
100 1 |a Knowles, Thomas W  |4 aut 
245 1 |a Management science :  |b Building and using models /  |c [aut.] Knowles,Thomas W 
260 |a Homewood :  |b IRWIN,  |c 1989 
300 |a 1035 s 
650 7 |a manažment  |2 stusub 
650 7 |a ekonomicko-matematické modely  |2 stusub 
996 |b E77832  |c R*77832  |l RRUM  |s A  |a 24  |w stu2985_0001